000 01761cam a2200361 a 4500
001 15056155
005 20170105102921.0
008 071023s2008 nyu b 001 0 eng
010 _a 2007044191
020 _a9781850659037 (cloth : alk. paper)
035 _a(OCoLC)ocn177069823
035 _a(OCoLC)177069823
040 _aDLC
_cDLC
_dBAKER
_dBTCTA
_dYDXCP
_dC#P
_dDLC
043 _aa-ir---
050 0 0 _aDS318.83
_b.A35 2008
082 0 0 _a327.55
_222
100 1 _aAdib-Moghaddam, Arshin.
245 1 0 _aIran in world politics :
_bthe question of the Islamic Republic /
_cArshin Adib-Moghaddam.
260 _aNew York :
_bColumbia University Press,
_cc2008.
300 _axi, 272 p. ;
_c23 cm.
504 _aIncludes bibliographical references (p. 243-264) and index.
505 0 _aPreface -- Introduction: the question of the Islamic republic -- Islamic utopian romanticism and the foreign policy culture of Iran -- Inventions of the Iran-Iraq War and the myth of endemic 'Persian-Arab' enmity -- Iranian-American encounters: the Islamic republic in the neoconservative mind -- Iran's pluralistic momentum and the future of Iranian democracy -- In place of a conlusion: towards critical Iranian studies.
650 0 _aPolitical culture
_zIran.
650 0 _aIslam and politics
_zIran.
651 0 _aIran
_xPolitics and government
_y1997-
651 0 _aIran
_xPolitics and government
_y1979-1997.
651 0 _aIran
_xForeign relations
_y1997-
651 0 _aIran
_xForeign relations
_y1979-1997.
856 4 1 _3Table of contents only
_uhttp://www.loc.gov/catdir/toc/ecip083/2007044191.html
906 _a7
_bcbc
_corignew
_d1
_eecip
_f20
_gy-gencatlg
942 _2ddc
_cBK
999 _c15583
_d15583